Statystyki dla Kandydaci na prezydenta RP 2020.

Kliknij tutaj aby rozwiązać quiz!

Ogólne statystyki

  • Ten quiz został rozwiązany 1 094 razy
    (489 od ostatniego zresetowania)
  • Średni wynik to 8 z 11

Statystyki odpowiedzi

Odpowiedź% Poprawnych
Andrzej Duda
100%
Rafał Trzaskowski
98%
Robert Biedroń
95%
Szymon Hołownia
94%
Krzysztof Bosak
90%
Władysław Kosiniak-Kamysz
82%
Stanisław Żółtek
77%
Paweł Tanajno
63%
Marek Jakubiak
52%
Mirosław Piotrowski
41%
Waldemar Witkowski
34%

Rozkład punktacji

Percentyl według liczby udzielonych odpowiedzi

Procent ludzi z każdym wynikiem

Twoja historia wyników

Nie rozwiązałeś tego quizu od ostatniego zresetowania